<?xml version="1.0" encoding="UTF-8"?><?xml-stylesheet type="text/xsl" href="static/style.xsl"?><OAI-PMH xmlns="http://www.openarchives.org/OAI/2.0/" xmlns:xsi="http://www.w3.org/2001/XMLSchema-instance" xsi:schemaLocation="http://www.openarchives.org/OAI/2.0/ http://www.openarchives.org/OAI/2.0/OAI-PMH.xsd"><responseDate>2026-06-05T20:46:07Z</responseDate><request verb="GetRecord" identifier="oai:riuma.uma.es:10630/11260" metadataPrefix="marc">https://riuma.uma.es/rest/oai/request</request><GetRecord><record><header><identifier>oai:riuma.uma.es:10630/11260</identifier><datestamp>2026-02-03T12:02:57Z</datestamp><setSpec>com_10630_2254</setSpec><setSpec>col_10630_37959</setSpec></header><metadata><record xmlns="http://www.loc.gov/MARC21/slim" xmlns:dcterms="http://purl.org/dc/terms/" xmlns:doc="http://www.lyncode.com/xoai" xmlns:xsi="http://www.w3.org/2001/XMLSchema-instance" xsi:schemaLocation="http://www.loc.gov/MARC21/slim http://www.loc.gov/standards/marcxml/schema/MARC21slim.xsd">
   <leader>00925njm 22002777a 4500</leader>
   <datafield ind2=" " ind1=" " tag="042">
      <subfield code="a">dc</subfield>
   </datafield>
   <datafield ind2=" " ind1=" " tag="720">
      <subfield code="a">Morata, Gines</subfield>
      <subfield code="e">author</subfield>
   </datafield>
   <datafield ind2=" " ind1=" " tag="260">
      <subfield code="c">2016</subfield>
   </datafield>
   <datafield ind2=" " ind1=" " tag="520">
      <subfield code="a">El diseño de los organismos pluricelulares  depende de la expresión de genes homeóticos, genes que están conservados en todos los animales y que determina la expresión local del proceso de desarrollo.  &#xd;
El profesor Morata identificó la clasificación sistemática de los animales  y su evolución para concluir que el plan de desarrollo de los organismos se apareció hace 500 durante la “explosión cámbrica”. Desde entonces todos los animales utilizan el mismo sistema responsable de la simetría bilateral de sus organismos. &#xd;
La identificación del material genético (el ADN) y el descubrimiento por Watson y Crick de la estructura de esta molécula, ha significado el nexo físico común de todos los  seres vivos, y el hallazgo científico más importante del siglo XX y la base del actual desarrollo de la Biología.&#xd;
La sociedad tiene que decidir sobre las implicaciones que para la sociedad pueda tener el descubrimiento del sistema genético de diseño de los animales.</subfield>
   </datafield>
   <datafield ind1="8" ind2=" " tag="024">
      <subfield code="a">http://hdl.handle.net/10630/11260</subfield>
   </datafield>
   <datafield tag="653" ind2=" " ind1=" ">
      <subfield code="a">Genetica</subfield>
   </datafield>
   <datafield ind2="0" ind1="0" tag="245">
      <subfield code="a">Introducción a la investigación en Biología del desarrollo: Genetic design of animal body</subfield>
   </datafield>
</record>
</metadata></record></GetRecord></OAI-PMH>